[Event "ISR-ch Open 2018"]
[Site "Ma'alot-Tarshih"]
[Date "2018.12.15"]
[Round "4"]
[White "Iliaguev, Nisim"]
[Black "Gershkowich, David"]
[Result "1/2-1/2"]
[WhiteElo "2338"]
[BlackElo "2193"]
[Annotator "TA"]
[PlyCount "118"]
[EventDate "2018.12.11"]
[EventType "swiss"]
[EventCountry "ISR"]
[SourceTitle "playchess.com"]
[Source "ChessBase"]
[SourceQuality "1"]

{[%evp 15,118,19,21,13,36,32,62,49,52,57,87,89,80,47,60,41,70,74,62,76,81,29,37,25,99,51,57,53,65,41,56,55,119,85,85,65,97,98,389,402,396,364,389,385,381,382,379,325,381,389,431,418,402,397,441,346,372,274,262,252,249,253,256,249,219,181,199,166,166,62,65,65,87,112,111,64,58,65,65,81,73,76,72,44,58,8,8,-212,-212,-198,-181,-174,-57,-57,-57,-700,-697,-642,-208,-211,-56,-55,0,-206,0]} 1. d4 Nf6 2. c4 c5 3. Nf3 cxd4 4. Nxd4 e6 5. g3 a6 6. Bg2 Qc7 7. b3 Bb4+ 8. Bd2 Bc5 {LiveBook: 22 Games. A32: Symmetrical English: 2 Nf3 Nf6 3 d4 cxd4 4 Nxd4 e6} 9. e3 (9. Nf3 Ne4 10. O-O Nxd2 11. Qxd2 O-O 12. Nc3 Rd8 13. Na4 Be7 14. c5 Nc6 15. Rac1 d5 16. cxd6 Bxd6 {½-½ (55) Lenic,L (2639)-Hracek,Z (2613) Bol 2015}) 9... d5 $146 ({Predecessor:} 9... O-O 10. O-O Nc6 11. Bc3 Be7 12. Bb2 d5 13. cxd5 exd5 14. Qc2 Bg4 15. Nxc6 bxc6 16. Nc3 {½-½ (42) Kurajica,B (2505)-Roeder,M (2407) Las Palmas 2014}) 10. cxd5 exd5 {White is slightly better.} 11. O-O O-O 12. Nc3 {[%cal Bb1c3,Bc3a4,Ba4c5][%mdl 32]} Qe5 13. Na4 Ba7 14. h3 Bd7 15. Rc1 Ne4 16. Bb4 {Strongly threatening Nf3.} Re8 17. Nc5 a5 18. Ba3 (18. Nd3 $16 Qf6 19. Bc5) 18... Bxc5 $11 19. Bxc5 Ra6 (19... a4 $11) 20. Nf3 Qf5 21. g4 Qe6 22. Bd4 (22. Nd4 $5 {[%cal Rd4e6]} Qh6 23. Nf5 Bxf5 24. gxf5 $16) 22... Nc6 23. Bb2 $36 {[%mdl 2048] White is pushing.} Ne7 ({Better is} 23... a4 $14) 24. Ne5 {[%cal Bf3e5,Be5d3,Bd3c5][%mdl 32]} Bb5 25. Re1 f6 26. Nd3 Bc6 $2 {[%mdl 8192]} (26... Bxd3 $16 27. Qxd3 Nc6) 27. f3 $18 Ng5 28. Nc5 {[%mdl 64] Double Attack} Qd6 29. f4 ({Less strong is} 29. Nxa6 Qg3 $14) 29... Ne6 30. Nxa6 bxa6 31. Bd4 Bb7 32. Qd2 h5 33. Bb2 hxg4 34. hxg4 Qd7 35. Qxa5 d4 {intending ...Bxg2.} 36. Qa4 Qxa4 37. bxa4 Bxg2 38. Kxg2 dxe3 39. Rc4 Nd5 40. Kf3 g5 {[%cal Rg5f4]} 41. fxg5 Nxg5+ 42. Kg3 (42. Ke2 $18 Kf7 43. Rd1) 42... Ne4+ $14 43. Kg2 Nf4+ 44. Kh2 $1 Nd5 {White should prevent ...Nd2.} 45. Bc1 Kf7 {aiming for ...Nd2.} 46. Kg2 {Hoping for Rd4.} Ng5 47. Rf1 Kg6 48. Rd4 Re5 49. Rd3 {And now Bb2 would win.} Ne6 50. Kf3 {[%cal Rc1e3]} f5 51. Rfd1 $2 (51. Bxe3 $11 fxg4+ 52. Kf2) 51... Ng5+ $19 {[%mdl 1024] Black has strong compensation.} 52. Kg3 f4+ 53. Kg2 f3+ ({Black should play} 53... Nf6 $1 $19 54. Rf1 f3+ 55. Rxf3 Nxf3 56. Kxf3 e2) 54. Kg3 $15 f2 {...Nh3! is the strong threat.} 55. Bb2 $2 {[%mdl 8192] [#]} (55. Rh1 $15) 55... e2 $1 $19 {[%mdl 512]} 56. Kxf2 {[#]} exd1=Q $2 (56... Nh3+ $1 {[%mdl 512]} 57. Ke1 (57. Rxh3 exd1=Q) 57... exd1=Q+ 58. Kxd1 Nf2+ {[%mdl 64] Double Attack} 59. Kd2 Nxd3 60. Kxd3 Re3+ 61. Kd2 Rg3) 57. Rxd1 {[#]} Ne4+ $2 (57... Nh3+ $1 $19 58. Kg3 Re3+ 59. Kh2 Nhf4) 58. Kf3 $1 $15 Ng5+ $2 (58... Ndc3 $1 $15 59. Bxc3 Nxc3 60. Rd6+ Kg5 61. Rxa6 Nd1) 59. Kf2 $19 {[#]} Ne4+ $2 {Accuracy: White = 48%, Black = 37%.} (59... Nh3+ $1 $19 60. Kg3 Re3+ 61. Kh2 Nhf4) 1/2-1/2

[Event "ISR-ch Open 2018"]
[Site "Ma'alot-Tarshih"]
[Date "2018.12.15"]
[Round "4"]
[White "Mordechai, Hanan"]
[Black "Kupervaser, Erez"]
[Result "1/2-1/2"]
[WhiteElo "2310"]
[BlackElo "2168"]
[Annotator "NA"]
[PlyCount "56"]
[EventDate "2018.12.11"]
[EventType "swiss"]
[EventCountry "ISR"]
[SourceTitle "playchess.com"]
[Source "ChessBase"]
[SourceQuality "1"]
[TimeControl "40/5400+30:1800+30"]

1. e4 {[%emt 0:00:00]} c5 {[%emt 0:00:00]} 2. Nf3 {[%emt 0:00:00]} g6 {[%emt 0:00:00]} 3. d4 {[%emt 0:00:00]} cxd4 {[%emt 0:00:00]} 4. Nxd4 {[%emt 0:00:00]} Bg7 {[%emt 0:00:00]} 5. Nc3 {[%emt 0:00:00]} Nc6 {[%emt 0:00:00]} 6. Be3 {[%emt 0:00:00]} Nf6 {[%emt 0:00:02]} 7. Bc4 {[%emt 0:00:03]} Qa5 {[%emt 0:00:12]} 8. O-O {[%emt 0:00:18]} O-O {[%emt 0:00:05]} 9. Bb3 {[%emt 0:00:42]} d6 {[%emt 0:00:11]} 10. h3 {[%emt 0:00:08]} Bd7 {[%emt 0:00:05]} 11. Re1 {[%emt 0:00:54]} Rfc8 {[%emt 0:00:06]} 12. Nd5 {[%emt 0:03:19]} Qd8 {[%emt 0:04:37]} 13. Nxf6+ {[%emt 0:31:47]} Bxf6 {[%emt 0:00:17]} 14. c3 {[%emt 0:00:05]} Na5 {[%emt 0:02:55]} 15. f4 {[%emt 0:03:17]} Nc4 {[%emt 0:03:44]} 16. Bf2 {[%emt 0:02:53]} e5 {[%emt 0:10:17]} 17. Nf3 {[%emt 0:00:28]} Qe7 {[%emt 0:06:21]} 18. Qe2 {[%emt 0:10:14]} b5 {[%emt 0:17:26]} 19. Bg3 {[%emt 0:08:24]} Be6 {[%emt 0:07:55]} 20. Rad1 {[%emt 0:06:23]} a5 {[%emt 0:00:52]} 21. a3 {[%emt 0:01:04]} Rab8 {[%emt 0:05:50]} 22. Bxc4 {[%emt 0:08:31]} Bxc4 {[%emt 0:00:21]} 23. Qd2 {[%emt 0:00:54]} Bb3 {[%emt 0:02:53]} 24. Rc1 {[%emt 0:00:03]} Rc6 {[%emt 0:01:51]} 25. f5 {[%emt 0:00:31]} Rbc8 {[%emt 0:01:23]} 26. Bf2 {[%emt 0:01:30]} Qc7 {[%emt 0:03:53]} 27. Qh6 {[%emt 0:03:31]} Bg7 {[%emt 0:01:37]} 28. Qh4 {[%emt 0:00:33]} Qd8 {[%emt 0:00:16]} 1/2-1/2

[Event "ISR-ch Open 2018"]
[Site "Ma'alot-Tarshih"]
[Date "2018.12.15"]
[Round "4"]
[White "Taichman, Ori"]
[Black "Dvoirys, Semen I."]
[Result "1/2-1/2"]
[WhiteElo "2303"]
[BlackElo "2528"]
[Annotator "TA"]
[PlyCount "52"]
[EventDate "2018.12.11"]
[EventType "swiss"]
[EventCountry "ISR"]
[SourceTitle "playchess.com"]
[Source "ChessBase"]
[SourceQuality "1"]

{[%evp 16,52,16,6,10,10,16,14,16,19,35,23,32,20,62,31,58,24,33,0,0,10,45,45,38,18,53,5,4,18,10,0,0,0,0,0,8,-8,-8]} 1. c4 e5 2. g3 Nc6 3. Bg2 g6 4. Nc3 Bg7 5. Rb1 a5 6. a3 Nge7 7. b4 {A25: English Opening vs King's Indian with ...Nc6 but without early d3} axb4 8. axb4 d6 9. b5 {LiveBook: 5 Games} Nd4 (9... Na5 10. d3 O-O 11. Nf3 c6 12. Nd2 d5 13. cxd5 Nxd5 14. Bb2 Nxc3 15. Bxc3 cxb5 16. Rxb5 {1-0 (40) Hungaski,R (2496)-Rodriguez Vila,A (2458) Neuquen 2017}) 10. e3 Ne6 11. Nge2 O-O 12. O-O f5 13. Nd5 $146 ({Predecessor:} 13. f4 c6 14. d4 e4 15. Qb3 Nc7 16. Ba3 {1-0 (39) Gomez Jurado,L (2272)-Derakhshani,B (2079) Barbera del Valles 2015}) 13... g5 14. f4 Ng6 15. Bb2 Bd7 16. Qc2 c6 17. bxc6 bxc6 18. Nb4 {With the idea fxe5.} Qc7 19. fxe5 dxe5 20. d4 ({Weaker is} 20. Rxf5 Rxf5 21. Qxf5 Nef4 $17) 20... exd4 21. exd4 f4 {The position is equal.} 22. d5 cxd5 23. cxd5 Qxc2 24. Nxc2 Nc5 25. Bxg7 Kxg7 26. Ncd4 fxg3 {Accuracy: White = 53%, Black = 57%.} 1/2-1/2

[Event "ISR-ch Open 2018"]
[Site "Ma'alot-Tarshih"]
[Date "2018.12.16"]
[Round "4"]
[White "Libman, Guy"]
[Black "Gleizer, Mark"]
[Result "1/2-1/2"]
[WhiteElo "2299"]
[BlackElo "2186"]
[Annotator "TA"]
[PlyCount "124"]
[EventDate "2018.12.11"]
[EventType "swiss"]
[EventCountry "ISR"]
[SourceTitle "playchess.com"]
[Source "ChessBase"]
[SourceQuality "1"]

{[%evp 19,124,0,50,19,37,17,12,16,18,13,18,5,13,9,13,14,10,-8,-6,-14,-13,-16,-16,-16,0,0,0,-7,-6,-18,-18,-19,-18,-20,-21,-95,-75,-110,-77,-62,-70,-72,-83,-81,-70,-62,-70,-77,-81,-83,-25,-91,-71,-94,-94,-87,-27,-58,0,-95,-93,-102,-82,-95,-67,-95,-66,-70,-84,-77,-58,-58,-10,-195,-221,-225,-225,-270,-274,-261,-256,-268,-257,-279,-250,-237,-180,-187,-162,-162,0,0,0,0,0,0,0,0,0,0,0,0,0,0,0,0,0]} 1. c4 c5 2. Nc3 g6 3. g3 Bg7 4. Bg2 Nc6 5. a3 a6 6. Rb1 Rb8 7. b4 cxb4 8. axb4 b5 9. cxb5 axb5 10. Nf3 e6 {LiveBook: 3 Games. A37: Symmetrical English vs ...g6: 4 Bg2 Bg7 5 Nf3} (10... d5 11. d4 Bf5 12. Rb3 Be4 13. Nxe4 dxe4 14. Ng5 Nxd4 15. Bb2 Bf6 16. Bxd4 Qxd4 17. Qxd4 Bxd4 18. e3 Be5 19. Nxe4 {1-0 (53) Cruz,C (2553)-Schreiner,P (2460) Tromsoe 2014}) 11. O-O d5 12. d4 Nge7 13. Bf4 Rb6 14. Qd3 O-O 15. Rfc1 ({And not} 15. Nxb5 e5 $17) 15... Nf5 {[%cal Rc6d4]} 16. e3 ({Don't blunder} 16. Nxb5 $2 Ba6 $17) 16... Nd6 17. Bxd6 $146 ({Predecessor:} 17. Ne5 Bxe5 18. dxe5 Nc4 19. e4 {0-1 (42) Owens,R (2200)-De Luca,S (2200) ICCF email 1998}) 17... Qxd6 18. Na2 Bd7 19. Qb3 Ra8 20. Ne1 Rba6 21. Nc3 Na7 {[%cal Bc6a7,Ba7c8,Bc8d6,Bd6c4][%mdl 32]} 22. Bf1 Be8 23. Qb2 Qb6 24. Nd3 Nc8 $1 25. Nc5 R6a7 26. Nb3 Nd6 27. Na5 (27. Qe2 $11) 27... Nc4 $17 28. Nxc4 dxc4 29. Bg2 Bc6 30. Bxc6 Qxc6 31. Ra1 Bf8 {And now ...Rxa1 would win.} 32. Rxa7 Rxa7 33. Rb1 f5 34. Rd1 Qd7 (34... h5 $17) 35. Rb1 (35. e4 $11) 35... h6 36. Qc1 Kh7 37. Qb2 Bd6 ({Black should play} 37... Bg7 $17) 38. Rd1 Bf8 39. Rb1 Ra6 40. Qc1 Qb7 41. Qb2 Bd6 42. Qc1 Ra8 43. Qb2 h5 44. h4 e5 {Hoping for ...exd4.} 45. Qd2 Ra7 {[#]} 46. Qc1 $2 (46. e4 $1 $11 {[%mdl 512] and White stays safe.}) 46... exd4 $1 $19 47. exd4 {[#]} f4 $1 {[%cal Rf4g3][%mdl 512]} 48. Qe1 (48. gxf4 Qd7) 48... fxg3 49. fxg3 Qf3 50. Ne4 Be7 51. Rb2 Ra3 ({Don't take} 51... Qd3 52. Rd2 $19) 52. Re2 Kg8 53. d5 {[#] White hopes to continue with d6.} Bxb4 $1 {[%mdl 512]} 54. Qxb4 {[#] Strongly threatening Nf6+!} Qxe2 $2 {[%mdl 4096] Endgame KQR-KQN} (54... Ra1+ $1 $19 55. Re1 Ra2 56. Nf6+ Qxf6) 55. Nf6+ $11 {The position is equal.} Kf7 56. Qxa3 Qd1+ 57. Kg2 {Ne4 is the strong threat.} Qc2+ 58. Kg1 Qb1+ 59. Kg2 Qc2+ 60. Kg1 Qb1+ 61. Kg2 Qc2+ 62. Kg1 Qb1+ {Accuracy: White = 50%, Black = 56%.} 1/2-1/2

[Event "ISR-ch Open 2018"]
[Site "Ma'alot-Tarshih"]
[Date "2018.12.15"]
[Round "4"]
[White "Lukin, Elisha"]
[Black "Zhizmer, Yuri"]
[Result "1-0"]
[WhiteElo "2280"]
[BlackElo "2326"]
[Annotator "NA"]
[PlyCount "69"]
[EventDate "2018.12.11"]
[EventType "swiss"]
[EventCountry "ISR"]
[SourceTitle "playchess.com"]
[Source "ChessBase"]
[SourceQuality "1"]
[TimeControl "40/5400+30:1800+30"]

1. d4 {[%emt 0:00:13]} d6 {[%emt 0:00:00]} 2. e4 {[%emt 0:00:19]} Nf6 {[%emt 0:00:00]} 3. Nc3 {[%emt 0:00:06]} e5 {[%emt 0:00:00]} 4. Nge2 {[%emt 0:00:06]} Be7 {[%emt 0:00:45]} 5. h3 {[%emt 0:00:15]} O-O {[%emt 0:02:03]} 6. Be3 {[%emt 0:00:22]} a6 {[%emt 0:04:09]} 7. g4 {[%emt 0:00:45]} b5 {[%emt 0:01:02]} 8. Bg2 {[%emt 0:07:52]} Bb7 {[%emt 0:01:33]} 9. O-O {[%emt 0:05:56]} b4 {[%emt 0:01:54]} 10. Nd5 {[%emt 0:04:29]} Nxd5 {[%emt 0:02:53]} 11. exd5 {[%emt 0:00:25]} Nd7 {[%emt 0:00:17]} 12. dxe5 {[%emt 0:04:56]} Nxe5 {[%emt 0:00:20]} 13. f4 {[%emt 0:05:55]} Nc4 {[%emt 0:00:47]} 14. Bd4 {[%emt 0:00:45]} Re8 {[%emt 0:02:54]} 15. Qd3 {[%emt 0:16:07]} a5 {[%emt 0:04:47]} 16. Qxc4 {[%emt 0:07:01]} Ba6 {[%emt 0:00:21]} 17. Qc6 {[%emt 0:06:42]} Bxe2 {[%emt 0:00:10]} 18. g5 {[%emt 0:07:58]} Bxf1 {[%emt 0:06:12]} 19. Rxf1 {[%emt 0:00:02]} Bf8 {[%emt 0:00:39]} 20. h4 {[%emt 0:07:23]} Qc8 {[%emt 0:03:44]} 21. f5 {[%emt 0:00:57]} Qa6 {[%emt 0:01:54]} 22. c4 {[%emt 0:00:07]} Re2 {[%emt 0:10:31]} 23. g6 {[%emt 0:05:54]} Qxc6 {[%emt 0:07:29]} 24. dxc6 {[%emt 0:00:03]} fxg6 {[%emt 0:04:38]} 25. Bd5+ {[%emt 0:00:48]} Kh8 {[%emt 0:00:05]} 26. fxg6 {[%emt 0:00:50]} Rae8 {[%emt 0:04:44]} 27. h5 {[%emt 0:05:15]} Re1 {[%emt 0:02:19]} 28. Rxe1 {[%emt 0:02:32]} Rxe1+ {[%emt 0:00:06]} 29. Kf2 {[%emt 0:00:03]} Rd1 {[%emt 0:01:02]} 30. Bb6 {[%emt 0:00:43]} Rd2+ {[%emt 0:15:08]} 31. Ke3 {[%emt 0:00:43]} Rxb2 {[%emt 0:00:38]} 32. Bxc7 {[%emt 0:00:09]} b3 {[%emt 0:00:39]} 33. axb3 {[%emt 0:04:11]} Rxb3+ {[%emt 0:00:07]} 34. Kd2 {[%emt 0:00:16]} hxg6 {[%emt 0:04:55]} 35. Bb6 {[%emt 0:00:27]} 1-0

[Event "ISR-ch Open 2018"]
[Site "Ma'alot-Tarshih"]
[Date "2018.12.15"]
[Round "4"]
[White "Chernomordik, Pavel"]
[Black "Aharon, Ofir"]
[Result "0-1"]
[WhiteElo "2277"]
[BlackElo "2320"]
[Annotator "NA"]
[PlyCount "78"]
[EventDate "2018.12.11"]
[EventType "swiss"]
[EventCountry "ISR"]
[SourceTitle "playchess.com"]
[Source "ChessBase"]
[SourceQuality "1"]
[TimeControl "40/5400+30:1800+30"]

1. e4 {[%emt 0:00:00]} c5 {[%emt 0:00:00]} 2. Nf3 {[%emt 0:00:00]} a6 {[%emt 0:01:06]} 3. g3 {[%emt 0:01:12]} b5 {[%emt 0:00:24]} 4. Bg2 {[%emt 0:00:30]} Bb7 {[%emt 0:00:06]} 5. Qe2 {[%emt 0:00:02]} g6 {[%emt 0:03:57]} 6. a4 {[%emt 0:02:43]} b4 {[%emt 0:02:18]} 7. O-O {[%emt 0:02:23]} Bg7 {[%emt 0:00:03]} 8. Qe3 {[%emt 0:04:33]} d6 {[%emt 0:03:12]} 9. c3 {[%emt 0:04:40]} Nh6 {[%emt 0:26:37]} 10. cxb4 {[%emt 0:04:42]} cxb4 {[%emt 0:00:07]} 11. d4 {[%emt 0:00:06]} O-O {[%emt 0:00:35]} 12. h3 {[%emt 0:04:13]} d5 {[%emt 0:07:39]} 13. e5 {[%emt 0:01:30]} Nf5 {[%emt 0:00:18]} 14. Qd2 {[%emt 0:00:40]} Nc6 {[%emt 0:06:07]} 15. g4 {[%emt 0:06:49]} Bh6 {[%emt 0:01:35]} 16. Qd3 {[%emt 0:00:36]} Bxc1 {[%emt 0:00:14]} 17. Rxc1 {[%emt 0:01:57]} Ng7 {[%emt 0:00:07]} 18. Nbd2 {[%emt 0:02:11]} Na5 {[%emt 0:05:20]} 19. b3 {[%emt 0:04:29]} Qb6 {[%emt 0:04:30]} 20. Qe3 {[%emt 0:05:34]} Rac8 {[%emt 0:01:25]} 21. Ne1 {[%emt 0:04:40]} Ne6 {[%emt 0:01:15]} 22. Ndf3 {[%emt 0:01:37]} Rc6 {[%emt 0:08:25]} 23. Rxc6 {[%emt 0:07:15]} Nxc6 {[%emt 0:00:18]} 24. Rd1 {[%emt 0:00:28]} Rc8 {[%emt 0:01:44]} 25. h4 {[%emt 0:12:28]} Na5 {[%emt 0:01:14]} 26. Rd3 {[%emt 0:01:42]} Qc7 {[%emt 0:01:36]} 27. Qd2 {[%emt 0:05:39]} Nc6 {[%emt 0:11:00]} 28. Qh6 {[%emt 0:04:11]} Ncd8 {[%emt 0:04:26]} 29. Qd2 {[%emt 0:06:51]} a5 {[%emt 0:00:27]} 30. Kh2 {[%emt 0:05:22]} Qc1 {[%emt 0:00:27]} 31. Qe3 {[%emt 0:03:23]} Nf4 {[%emt 0:02:43]} 32. Rd2 {[%emt 0:00:36]} Nde6 {[%emt 0:00:12]} 33. Ng5 {[%emt 0:01:13]} Rc3 {[%emt 0:02:02]} 34. Nd3 {[%emt 0:00:22]} Nxd3 {[%emt 0:03:27]} 35. Rxd3 {[%emt 0:00:15]} Qxe3 {[%emt 0:00:09]} 36. Rxe3 {[%emt 0:00:44]} Nxd4 {[%emt 0:00:04]} 37. Re1 {[%emt 0:00:59]} h6 {[%emt 0:02:15]} 38. Rd1 {[%emt 0:01:14]} Nxb3 {[%emt 0:00:14]} 39. Nh3 {[%emt 0:00:52]} e6 {[%emt 0:00:14]} 0-1

[Event "ISR-ch Open 2018"]
[Site "Ma'alot-Tarshih"]
[Date "2018.12.15"]
[Round "4"]
[White "Frenkel, Ran"]
[Black "Baron, Tal"]
[Result "0-1"]
[WhiteElo "2252"]
[BlackElo "2532"]
[Annotator "TA"]
[PlyCount "52"]
[EventDate "2018.12.11"]
[EventType "swiss"]
[EventCountry "ISR"]
[SourceTitle "playchess.com"]
[Source "ChessBase"]
[SourceQuality "1"]

{[%evp 20,52,0,-6,24,-9,-7,0,-4,-7,41,-47,-32,-22,-16,-24,-1,0,44,47,99,67,64,0,0,-112,-119,-483,-472,-474,-483,-495,-504,-525,-481]} 1. d4 Nf6 2. Nf3 d5 3. c4 e6 4. Nc3 dxc4 5. e3 a6 6. a4 b6 {D24: Queen's Gambit Accepted: 3 Nf3 Nf6 4 Nc3} (6... c5 7. Bxc4 Nc6 8. O-O Be7 9. Qe2 cxd4 10. Rd1 e5 11. exd4 exd4 12. Nxd4 Nxd4 13. Qe5 Qd6 14. Qxd6 Bxd6 15. Rxd4 Be5 16. Rd1 O-O 17. h3 Re8 18. Be3 Be6 19. Be2 Rac8 20. Bf3 Re7 21. Bd4 Bxd4 22. Rxd4 g6 23. Rad1 Kg7 24. Rb4 Rcc7 25. Rd6 Bc8 26. Kh2 Red7 27. Rdb6 Rd2 28. Rxf6 {1-0 (28) Iturrizaga Bonelli,E (2636)-Meier,G (2639) chess.com INT 2018}) 7. Bxc4 Bb7 8. O-O Bb4 9. Qe2 O-O 10. Rd1 Qe7 11. Ne5 {LiveBook: 7 Games} Rd8 12. Bd2 c5 $146 ({Predecessor:} 12... Nbd7 13. Nxd7 Rxd7 14. Na2 Bd6 {0-1 (57) Steiner,K (1984)-Kitte,S (2244) Germany 2012}) 13. Be1 Nbd7 14. f4 Ne8 15. Qg4 ({White should play} 15. d5 $14) 15... Ndf6 16. Qh3 cxd4 17. exd4 Nd6 $36 {[%mdl 2048] Black has the initiative.} 18. Bd3 Bxc3 19. bxc3 Rdc8 (19... Rac8 $14) 20. Bh4 {[#] Black must now prevent Bxf6.} Be4 21. Ng4 (21. Bxe4 $14 Ndxe4 22. c4) 21... Rxc3 $11 22. Bxf6 (22. Nxf6+ $11 {keeps the balance.} gxf6 23. Qg4+ Bg6 24. Be1) 22... gxf6 $17 23. Qh4 $2 {[%mdl 8192]} (23. Nf2 $17 f5 24. Qg3+ Kh8 25. Qe3) 23... Rxd3 $19 {Black is clearly winning.} 24. Nxf6+ Kh8 25. Rxd3 Bxd3 26. Ra3 Ne8 {Precision: White = 38%, Black = 45%.} 0-1

[Event "ISR-ch Open 2018"]
[Site "Ma'alot-Tarshih"]
[Date "2018.12.15"]
[Round "4"]
[White "Emanuel, Yahav"]
[Black "Bronstein, Or"]
[Result "0-1"]
[WhiteElo "2221"]
[BlackElo "2359"]
[Annotator "NA"]
[PlyCount "82"]
[EventDate "2018.12.11"]
[EventType "swiss"]
[EventCountry "ISR"]
[SourceTitle "playchess.com"]
[Source "ChessBase"]
[SourceQuality "1"]
[TimeControl "40/5400+30:1800+30"]

1. e4 {[%emt 0:00:00]} c5 {[%emt 0:00:00]} 2. Nf3 {[%emt 0:00:00]} d6 {[%emt 0:00:02]} 3. d4 {[%emt 0:00:00]} cxd4 {[%emt 0:00:04]} 4. Nxd4 {[%emt 0:00:00]} Nf6 {[%emt 0:00:09]} 5. Nc3 {[%emt 0:00:00]} a6 {[%emt 0:00:06]} 6. Be2 {[%emt 0:00:08]} e5 {[%emt 0:01:17]} 7. Nb3 {[%emt 0:00:03]} Be7 {[%emt 0:00:09]} 8. O-O {[%emt 0:00:10]} O-O {[%emt 0:00:02]} 9. Re1 {[%emt 0:00:45]} Be6 {[%emt 0:02:40]} 10. Bf3 {[%emt 0:00:23]} Nbd7 {[%emt 0:03:09]} 11. a4 {[%emt 0:02:19]} Rc8 {[%emt 0:03:41]} 12. Nd2 {[%emt 0:02:49]} Qc7 {[%emt 0:24:30]} 13. Nf1 {[%emt 0:04:31]} Bd8 {[%emt 0:00:29]} 14. Ne3 {[%emt 0:07:14]} Qc5 {[%emt 0:00:36]} 15. Ncd5 {[%emt 0:06:28]} Bxd5 {[%emt 0:01:03]} 16. exd5 {[%emt 0:00:52]} Bb6 {[%emt 0:00:32]} 17. Bd2 {[%emt 0:11:01]} a5 {[%emt 0:08:50]} 18. Rb1 {[%emt 0:05:55]} g6 {[%emt 0:03:27]} 19. b4 {[%emt 0:12:35]} Qc7 {[%emt 0:08:22]} 20. bxa5 {[%emt 0:13:58]} Bxa5 {[%emt 0:00:20]} 21. Bxa5 {[%emt 0:05:10]} Qxa5 {[%emt 0:00:01]} 22. Rxb7 {[%emt 0:00:25]} Nb6 {[%emt 0:11:20]} 23. Qe2 {[%emt 0:02:46]} e4 {[%emt 0:12:19]} 24. Bg4 {[%emt 0:01:37]} Rc5 {[%emt 0:00:38]} 25. c4 {[%emt 0:11:23]} Qa6 {[%emt 0:01:05]} 26. Re7 {[%emt 0:00:15]} Nxa4 {[%emt 0:03:02]} 27. Ra1 {[%emt 0:03:41]} Ra8 {[%emt 0:00:20]} 28. Qc2 {[%emt 0:04:19]} Kf8 {[%emt 0:01:00]} 29. Rxe4 {[%emt 0:00:25]} Nxe4 {[%emt 0:00:09]} 30. Qxe4 {[%emt 0:00:04]} Qb6 {[%emt 0:08:28]} 31. Bd7 {[%emt 0:02:18]} Rca5 {[%emt 0:00:08]} 32. Re1 {[%emt 0:01:14]} Nc3 {[%emt 0:02:42]} 33. Qd3 {[%emt 0:01:22]} Qb2 {[%emt 0:00:26]} 34. g3 {[%emt 0:01:35]} Ra1 {[%emt 0:00:35]} 35. Nc2 {[%emt 0:00:51]} Rxe1+ {[%emt 0:00:31]} 36. Nxe1 {[%emt 0:00:01]} Qc1 {[%emt 0:00:48]} 37. Kf1 {[%emt 0:00:36]} Ra1 {[%emt 0:01:12]} 38. Qe3 {[%emt 0:00:04]} Qxe3 {[%emt 0:01:11]} 39. fxe3 {[%emt 0:00:01]} Ke7 {[%emt 0:00:08]} 40. Bc6 {[%emt 0:01:43]} f5 {[%emt 0:02:13]} 41. Kf2 {[%emt 0:04:13]} Ra2+ {[%emt 0:00:48]} 0-1

[Event "ISR-ch Open 2018"]
[Site "Ma'alot-Tarshih"]
[Date "2018.12.16"]
[Round "5"]
[White "Postny, Evgeny"]
[Black "Mindlin, Alon"]
[Result "1-0"]
[WhiteElo "2615"]
[BlackElo "2472"]
[Annotator "TA"]
[PlyCount "81"]
[EventDate "2018.12.11"]
[EventType "swiss"]
[EventCountry "ISR"]
[SourceTitle "playchess.com"]
[Source "ChessBase"]
[SourceQuality "1"]

{[%evp 21,81,23,29,-16,6,0,6,4,9,0,44,43,37,37,73,73,73,76,73,79,276,71,259,252,269,261,269,267,269,245,381,316,405,342,381,375,344,363,410,356,504,497,497,494,489,481,503,508,492,499,671,665,1431,1452,1435,670,669,583,1581,1239,1190,1097]} 1. d4 Nf6 2. c4 e6 3. Nf3 d5 4. g3 Bb4+ 5. Bd2 Be7 6. Bg2 O-O 7. O-O Nbd7 8. Qc2 c6 9. Bf4 Ne4 10. Nc3 g5 {E08: Closed Catalan: Main Line: 7 Qc2} 11. Bc1 (11. Be3 Nd6 12. cxd5 exd5 13. Rad1 Re8 14. Bc1 Nb6 15. b3 Bf6 16. Qd2 g4 17. Ne5 Bg7 18. Rfe1 {1-0 (50) Jojua,D (2583)-Le,Q (2727) Abu Dhabi 2018}) 11... f5 {LiveBook: 21 Games} 12. e3 Bd6 $146 {The position is equal.} ({Predecessor:} 12... b6 13. b3 Bb7 14. Bb2 Qe8 15. Ne1 Nd6 16. Nd3 Bf6 17. Ne2 Rc8 18. Rad1 {1-0 (52) Studer,N (2462)-Rambaldi,F (2544) Biel 2016}) 13. b3 Qe7 14. Bb2 g4 {[#] Hoping for ...Nxc3.} 15. Ne1 Qg5 16. Ne2 Rf6 17. Nf4 Bxf4 18. exf4 Qh5 19. f3 Rh6 {[%csl Gh6][%cal Rh5h2] [#]} 20. fxe4 Qxh2+ 21. Kf2 {[%cal Bg1f2,Bf2e2,Be2d1][%mdl 32]} Rh3 $2 (21... Nf6 $16 {was necessary.}) 22. Ke2 Nf6 23. Kd1 Nxe4 24. Bxh3 Qxh3 25. Rg1 dxc4 (25... Nxg3 $142 26. Qc3 Ne4 27. Qxh3 Nf2+ 28. Kd2 Nxh3) 26. bxc4 c5 27. a4 Bd7 28. Ra3 cxd4 29. Bxd4 Rc8 30. Ba1 {Qb2 is the strong threat.} e5 (30... Qh6 $142 31. Nd3 Rxc4 32. Qxc4 Qh2) 31. Nd3 $18 {[%cal Be1d3,Bd3e5,Be5f7][%mdl 32] White is clearly winning.} Qh6 32. Nxe5 Qb6 33. Rg2 Be8 34. Kc1 Qb4 35. Qd3 Bf7 36. Nxf7 Rxc4+ 37. Rc2 Qe1+ 38. Qd1 Rxc2+ 39. Kxc2 {Nh6+ would kill now.} Qf2+ 40. Kc1 {Intending Nh6+ and mate.} Qc5+ 41. Kb1 {Accuracy: White = 69%, Black = 51%.} 1-0